000 00274nam a2200109Ia 4500
008 220216s9999 xx 000 0 und d
100 _aThomas K U
245 0 _aVilaveduppu sasthreeyamakki uthpadanam vardhippikkuka
260 _bRubber
_c2008
300 _a6-7.
942 _cML
999 _c72848
_d72848